|
|
|
|
| LEADER |
00000cam a2200000 7i4500 |
| 001 |
0000093133 |
| 005 |
20231123105813.0 |
| 020 |
|
|
|a 9789836205520 (
|q (paperback))
|
| 040 |
|
|
|e rda
|
| 041 |
|
|
|a Malay
|
| 090 |
0 |
0 |
|a ZAH
|b MAL
|
| 100 |
1 |
|
|a Zaharah Nawawi ,
|e (author)
|
| 245 |
1 |
0 |
|a Panglima Salleh :
|b Selempang merah
|c Zaharah Nawawi
|
| 264 |
|
1 |
|a Kuala Lumpur :
|b Dewan Bahasa dan Pustaka
|c 2019
|
| 300 |
|
|
|a 521 pages :
|b color illustrations ;
|c 20 cm.
|
| 336 |
|
|
|a text
|2 rdacontent
|
| 337 |
|
|
|a unmediated
|2 rdamedia
|
| 338 |
|
|
|a volume
|2 rdacarrier
|
| 500 |
|
|
|a Sumbangan
|
| 650 |
|
0 |
|a Historical fiction, Malay
|
| 650 |
|
0 |
|a Malay fiction
|
| 730 |
0 |
|
|a Title
|
| 999 |
|
|
|a 0001743250
|b Book
|c Adult Collection
|e Perbadanan Perpustakaan Awam Johor
|